Laporan PPM K004/2026 : Laporan Orientasi Dalaman Pembantu Penyelidik Q1 Di Pusat Penyelidikan Mineral, Februari 2026 / (Record no. 27185)

000 -LEADER
fixed length control field 00799nam a22001817a 4500
001 - CONTROL NUMBER
control field 0000000885
003 - CONTROL NUMBER IDENTIFIER
control field PPM
005 - DATE AND TIME OF LATEST TRANSACTION
control field 20260401160333.0
008 - FIXED-LENGTH DATA ELEMENTS--GENERAL INFORMATION
fixed length control field 260401b ||||| |||| 00| 0 eng d
035 ## - SYSTEM CONTROL NUMBER
System control number 0000000885
040 ## - CATALOGING SOURCE
Original cataloging agency PPM
Language of cataloging Malay
Transcribing agency Pusat Penyelidikan Mineral, Jabatan Mineral Dan Geosains Malaysia
Modifying agency PPM
Description conventions RDA
100 1# - MAIN ENTRY--PERSONAL NAME
Personal name Liyana Fariza bt Zaharuddin
Relator term author
245 10 - TITLE STATEMENT
Title Laporan PPM K004/2026 : Laporan Orientasi Dalaman Pembantu Penyelidik Q1 Di Pusat Penyelidikan Mineral, Februari 2026 /
Statement of responsibility, etc. oleh Liyana Fariza bt. Zaharuddin, Ayu Fuzahazni bt. Amri
260 #1 - PUBLICATION, DISTRIBUTION, ETC.
Place of publication, distribution, etc. Perak :
Name of publisher, distributor, etc. Pusat Penyelidikan Mineral, Jabatan Mineral Dan Geosains Malaysia ,
Date of publication, distribution, etc. 2026
300 00 - PHYSICAL DESCRIPTION
Extent 22 pages .:
Other physical details some colours, illustrations .;
Dimensions 29 cm
700 1# - ADDED ENTRY--PERSONAL NAME
Personal name Ayu Fuzahazni bt. Amri
Relator term joint author
942 ## - ADDED ENTRY ELEMENTS (KOHA)
Source of classification or shelving scheme
Koha item type Reports
Holdings
Withdrawn status Lost status Source of classification or shelving scheme Damaged status Not for loan Collection code Permanent Location Current Location Shelving location Date acquired Total Checkouts Date last seen Price effective from Koha item type
Available         Report PPM PPM Report 01/04/2026   01/04/2026 01/04/2026 Reports